| 000 | 00354nam a2200145Ia 4500 | ||
|---|---|---|---|
| 008 | 230917s9999||||xx |||||||||||||| ||und|| | ||
| 040 |
_e64775 _aMAIN |
||
| 041 | _aEnglish | ||
| 082 | _a519.5 G643F | ||
| 100 | _aGoon, A M | ||
| 245 | 0 | _aFundamentals of statistics, v2 | |
| 260 |
_aCalcutta _bWorld Press _c1994 |
||
| 300 | _axiv, 553 p. | ||
| 942 | _cBK | ||
| 999 |
_c232593 _d232593 |
||